Disney Princess Songs - Click Quiz (Hard) - Statistics

General Stats
  • This quiz has been taken 848 times
  • The average score is 13 of 20
Answer Stats
Hint Answer % Correct
Gaston Beauty and the Beast
87%
Mother Knows Best Tangled
86%
Whistle While You Work Snow White and the Seven Dwarfs
82%
Reflection Mulan
80%
Kiss the Girl The Little Mermaid
80%
Shiny Moana
78%
I See the Light Tangled
78%
Poor Unfortunate Souls The Little Mermaid
78%
Honor to Us All Mulan
77%
Friends on the Other Side The Princess and the Frog
72%
So This Is Love Cinderella
63%
Dig a Little Deeper The Princess and the Frog
62%
Where You Are Moana
61%
The Virginia Company Pocahontas
60%
Once Upon a Dream Sleeping Beauty
60%
Something There Beauty and the Beast
58%
Sing, Sweet Nightingale Cinderella
48%
I'm Wishing Snow White and the Seven Dwarfs
46%
Mine, Mine, Mine Pocahontas
41%
Do You Hear That? Sleeping Beauty
18%
No matching quizzes found
Score Distribution
Percent of People with Each Score
Percentile by Number Answered
Your Score History
You have not taken this quiz